| 000 | 00629nam a2200205 4500 | ||
|---|---|---|---|
| 001 | 15583 | ||
| 010 | _a9789897841934 | ||
| 021 | _b479567/21 | ||
| 090 | _a15583 | ||
| 100 | _a20210528d2021 m y0pory50030103ba | ||
| 200 | 1 |
_aO avesso da pele _fJeferson Tenório |
|
| 205 | _a1ªed | ||
| 210 | 9 |
_aLisboa _cCompanhia das Letras, _d2021 |
|
| 215 |
_a194, [3] p. _d23 cm _eglossário ([2 p.]) |
||
| 300 | _aPADES | ||
| 675 |
_a821.134.3(81)-31"20" _vBN _zpor |
||
| 700 | 1 |
_aTenório, _bJeferson, _f1977- |
|
| 801 | 0 |
_aPT _bBN _gRPC |
|
| 856 | 4 | 1 | _uhttp://rnod.bnportugal.gov.pt/ImagesBN/winlibimg.aspx?skey=&doc=2071178&img=151754&save=true |
| 990 | _cLIVROS | ||